000 00287nam a22001337a 4500
008 170529b xxu||||| |||| 00| 0 eng d
020 _a0809456540
041 _aeng
080 _a007.52
100 _a27
101 _aim
245 _aCOMPUTER BASICS
_cGRUNWALD, H.A
942 _2udc
_cBK
999 _c14874
_d14874